| 000 | 01284cam a22002294a 4500 | ||
|---|---|---|---|
| 005 | 20250605163922.0 | ||
| 008 | 250528s ||||||||||||||||||||||||d | ||
| 035 | _a14427 | ||
| 020 | _a1403987874 | ||
| 040 |
_aGR-AtMCL _bgre _dGR-AtMCL _eAACR2 |
||
| 245 | 1 | _aSPSS for Psychologists / A Guide to Data Analysis Using SPSS for Windows (Versions 12 and 13) | |
| 250 | _a3rd | ||
| 260 |
_aHoundmills, UK _bPalgrave Macmillan, _c2006 |
||
| 300 | _a456 | ||
| 520 | _aThis book carefully leads the reader through the process of using SPSS to analyse psychological data. Dedications, Preface, Acknowledgements, Introduction, Data Entry in SPSS, Tests of Difference for Two Sample Designs, Tests of Correlation, Tests for Nominal Data, Data Handling, Analysis of Variance, Multiple Regression, Analysis of Covariance and Multivariate Analysis of Variance, Discriminant Analysis and Logistic Regression, Factor Analysis and Reliability and Dimensionality of Scales, Beyond the Basics, Glossary, References, Data Files, Defining a Variable in SPSS Versions 8 and 9, Adding Regression Lines to Scattergrams before Version 12, Index. | ||
| 700 | 1 |
_aBrace Nicola _982 |
|
| 700 | 1 |
_aKemp Richard _983 |
|
| 700 | 1 |
_aSnelgar Rosemary _984 |
|
| 942 | _cBK | ||
| 999 |
_c60 _d60 |
||